Morphosyntax of verb movement : a minimalist approach to the syntax of Dutch
| Published in: | Studies in natural language and linguistic theory |
|---|---|
| Main Author: | |
| Content type: | Book |
| Published: |
Dordrecht [etc.]:
Kluwer
1997
|
| Series: | Studies in natural language and linguistic theory ; 39 |
| Source: | MPIPL_cat |
MARC
| LEADER | 00000cam a2200000 ub4500 | ||
|---|---|---|---|
| 001 | PL0074313 | ||
| 003 | PLI01000000000000000072277 | ||
| 005 | 00000000000000.0 | ||
| 008 | ||| u | ||
| 020 | |a 0-7923-4264-X | ||
| 020 | |a 9780792342649 | ||
| 090 | |a 210-Zwa/1 | ||
| 100 | 1 | |a Zwart, C. Jan-Wouter | |
| 245 | 0 | 0 | |a Morphosyntax of verb movement |b a minimalist approach to the syntax of Dutch |c by C. Jan-Wouter Zwart |
| 260 | |a Dordrecht [etc.] |b Kluwer |c 1997 | ||
| 300 | |a VIII, 317 p. | ||
| 490 | 0 | |a Studies in natural language and linguistic theory |v 39 | |
| 500 | |a The book is a 2nd version of his dissertation: Dutch syntax : a minimalist approach (University of Groningen, 1993) | ||
| 730 | 0 | |a a minimalist approach | |
| 830 | 0 | |w PL0000540 | |
| 852 | |c 210-Zwa/1 |m BOOK | ||
| 989 | |a 99-07 | ||